000 00528cam a22002055a 4500
001 sa 64003601
003 DLC
005 20260227112018.0
008 040527s ii 000 j tam
010 _asa 64003601
040 _aDLC
_cDLC
_dDLC
050 0 0 _aPL4758.9.V3
_bC5
100 0 _aVācavan̲.
245 1 0 _aCirittatu yār? /
_cVācavan̲.
250 _a1. patippu.
260 _aCen̲a̲i :
_bVān̲ati Patippakam,
_c[1963]
300 _a160 p. ;
_c18 cm.
546 _aIn Tamil.
650 0 _aShort stories, Tamil.
999 _c58021
_d58021